[Event "23rd Asia-ch (w)"]
[Site "Xingtai CHN"]
[Date "2019.06.13"]
[Round "7"]
[White "Zhang Xiao"]
[Black "Mendoza, Shania Mae"]
[Result "1-0"]
[WhiteElo "2234"]
[BlackElo "2171"]
[EventDate "2019.06.07"]
[PlyCount "107"]

1.d4 d5 2.c4 c6 3.Nf3 Nf6 4.e3 Bg4 5.Nc3 e6 6.Qb3 Qb6 7.c5 Qxb3 8.axb3 
Nbd7 9.b4 Be7 10.b5 O-O 11.bxc6 bxc6 12.b4 e5 13.Ba6 Ne4 14.Nxe4 dxe4 15.
Nxe5 Nxe5 16.dxe5 Rab8 17.Bd2 Rfd8 18.Bc3 Be6 19.O-O Rd7 20.Rfd1 Rxd1+ 21.
Rxd1 Kf8 22.Rd4 Bf5 23.g4 Bxg4 24.Rxe4 Bh3 25.Bf1 Bd7 26.Rd4 Ke8 27.Rd1 
Rb7 28.Ra1 Rc7 29.e6 Bxe6 30.Bxg7 f6 31.Bg2 Kf7 32.Bh6 Rb7 33.Bxc6 Rxb4 
34.Rxa7 Bh3 35.f4 Rb1+ 36.Kf2 Rc1 37.Bd5+ Ke8 38.c6 Kd8 39.Kg3 Bc8 40.Be4 
Rc3 41.f5 Bd6+ 42.Kf3 Bxh2 43.Rxh7 Bd6 44.Bf4 Bxf4 45.Kxf4 Rc1 46.Rf7 Rf1+
47.Kg4 Rg1+ 48.Kf3 Rf1+ 49.Kg2 Rxf5 50.Bxf5 Bxf5 51.Rxf6 Be4+ 52.Kg3 Kc7 
53.Kf4 Bxc6 54.Rxc6+ 1-0

[Event "23rd Asia-ch (w)"]
[Site "Xingtai CHN"]
[Date "2019.06.13"]
[Round "7"]
[White "Wang Doudou"]
[Black "San Diego, Marie Antoinette"]
[Result "0-1"]
[WhiteElo "2188"]
[BlackElo "2080"]
[EventDate "2019.06.07"]
[PlyCount "70"]

1.d4 d5 2.Nf3 Nf6 3.c4 c6 4.Qc2 g6 5.Bf4 dxc4 6.Qxc4 Bg7 7.e3 O-O 8.Nbd2 
Qb6 9.Qb3 Be6 10.Bc4 Bxc4 11.Nxc4 Qxb3 12.axb3 Na6 13.Ke2 c5 14.Na5 cxd4 
15.Nxb7 d3+ 16.Kxd3 Nb4+ 17.Ke2 Rfc8 18.Rac1 Ne4 19.Rc4 Rxc4 20.bxc4 Bxb2 
21.Be5 Bxe5 22.Nxe5 Rb8 23.Na5 Rd8 24.Kf3 f5 25.g4 Rd2 26.gxf5 gxf5 27.
Rg1+ Kf8 28.Kg2 Rxf2+ 29.Kh3 Re2 30.Rf1 Rxe3+ 31.Kh4 Nd6 32.Nd7+ Ke8 33.
Nc5 Re5 34.Ncb3 Re4+ 35.Kg5 f4 0-1

[Event "23rd Asia-ch (w)"]
[Site "Xingtai CHN"]
[Date "2019.06.13"]
[Round "7"]
[White "Pham Bich Ngoc"]
[Black "Galas, Bernadette"]
[Result "1/2-1/2"]
[WhiteElo "2167"]
[BlackElo "2073"]
[EventDate "2019.06.07"]
[PlyCount "129"]

1.c4 c5 2.g3 g6 3.Bg2 Bg7 4.Nc3 Nc6 5.e4 d6 6.Nge2 e6 7.O-O Nge7 8.d3 O-O 
9.Be3 Nd4 10.Qd2 Nec6 11.f4 f5 12.Rae1 Rb8 13.b3 a6 14.h3 b5 15.exf5 gxf5 
16.cxb5 axb5 17.Bxc6 Nxc6 18.d4 d5 19.Rf3 b4 20.Na4 c4 21.Nc5 Qa5 22.Bf2 
c3 23.Qc2 Na7 24.a4 Nc6 25.g4 Qc7 26.g5 Na5 27.h4 Qf7 28.Ng3 Nb7 29.Na6 
Nd6 30.Nxb8 Qb7 31.h5 Qxb8 32.h6 Bh8 33.Nh5 Ne4 34.Be3 Bd7 35.Ng3 Qa7 36.
Rd1 Rc8 37.Ne2 Be8 38.Rh3 Bg6 39.Kh2 Qb6 40.Ng1 Nxg5 41.Rg3 Ne4 42.Rg2 Nf6
43.Qd3 Ng4+ 44.Kh1 Nxe3 45.Qxe3 c2 46.Rc1 Bxd4 47.Qe2 Bxg1 48.Rgxg1 Qd6 
49.Rge1 d4 50.Rxc2 Qd5+ 51.Kg1 Rc3 52.Rxc3 bxc3 53.Qd3 Bh5 54.Kf2 Kf7 55.
a5 c2 56.Rc1 Bd1 57.a6 Qc5 58.Qc4 Qb6 59.Kf1 Qd6 60.Rxc2 Bxc2 61.Qxc2 
Qxa6+ 62.Kf2 Qd6 63.Qd2 Kg6 64.b4 Kxh6 65.b5 1/2-1/2

[Event "23rd Asia-ch (w)"]
[Site "Xingtai CHN"]
[Date "2019.06.13"]
[Round "7"]
[White "Tan Li Ting"]
[Black "Kiran, Manisha Mohanty"]
[Result "1/2-1/2"]
[WhiteElo "2066"]
[BlackElo "2090"]
[EventDate "2019.06.07"]
[PlyCount "70"]

1.c4 c5 2.Nf3 Nc6 3.g3 g6 4.Bg2 Bg7 5.Nc3 d6 6.O-O e5 7.d3 Nf6 8.Ne1 O-O 
9.Nc2 Ne8 10.Ne3 Nc7 11.Ncd5 Be6 12.Rb1 Rb8 13.a3 a5 14.Bd2 f5 15.Qc1 Bxd5
16.Nxd5 Nd4 17.Qd1 Ra8 18.b4 cxb4 19.axb4 a4 20.e3 Nb3 21.Bc3 Ne6 22.Qe2 
Re8 23.Qb2 Kh8 24.Rfe1 g5 25.f4 gxf4 26.gxf4 exf4 27.Nxf4 Qg5 28.Bxg7+ 
Qxg7 29.Qxg7+ Kxg7 30.Bxb7 Ra7 31.Bc6 Nxf4 32.Bxe8 Nxd3 33.Red1 Ne5 34.
Bxa4 Nd2 35.Ra1 Kf6 1/2-1/2

[Event "23rd Asia-ch (w)"]
[Site "Xingtai CHN"]
[Date "2019.06.13"]
[Round "7"]
[White "Mahdian, Anousha"]
[Black "Swathi, Ghate"]
[Result "1/2-1/2"]
[WhiteElo "2078"]
[BlackElo "2220"]
[EventDate "2019.06.07"]
[PlyCount "62"]

1.Nf3 Nf6 2.g3 b6 3.Bg2 Bb7 4.c4 c5 5.O-O g6 6.b3 Bg7 7.Bb2 O-O 8.d4 cxd4 
9.Qxd4 d6 10.Qd2 Nbd7 11.Nc3 Rc8 12.Ng5 Bxg2 13.Kxg2 Qc7 14.Nd5 Nxd5 15.
Bxg7 Kxg7 16.Qxd5 Nf6 17.Qf3 d5 18.cxd5 Qe5 19.h4 h6 20.Nh3 Rc3 21.e3 g5 
22.hxg5 hxg5 23.g4 Nxd5 24.Qf5 Rxe3 25.Qxg5+ Qxg5 26.Nxg5 Rc3 27.Ne4 Nf4+ 
28.Kg1 Rc2 29.Rfd1 Rh8 30.Rd2 Rxd2 31.Nxd2 Rc8 1/2-1/2

[Event "23rd Asia-ch (w)"]
[Site "Xingtai CHN"]
[Date "2019.06.13"]
[Round "7"]
[White "Xia Ri Feng"]
[Black "Yan Tianqi"]
[Result "0-1"]
[WhiteElo "1991"]
[BlackElo "2036"]
[EventDate "2019.06.07"]
[PlyCount "86"]

1.d4 Nf6 2.c4 e6 3.Nc3 Bb4 4.Nf3 b6 5.Bg5 Bb7 6.e3 O-O 7.Bd3 d5 8.O-O dxc4
9.Bxc4 Nbd7 10.Re1 c5 11.a3 cxd4 12.exd4 Bxc3 13.bxc3 Rc8 14.Nd2 Qc7 15.
Rc1 Qd6 16.Qb3 Ng4 17.g3 h6 18.Be3 e5 19.Be2 Ndf6 20.Bf3 Bxf3 21.Nxf3 Nd7 
22.Nd2 Rfe8 23.Nf1 Nf8 24.Red1 Ne6 25.Qa4 Nxe3 26.fxe3 Ng5 27.d5 a5 28.Kg2
e4 29.Rd4 Re5 30.c4 Qf6 31.Qd1 Nf3 32.d6 Nxd4 33.Qxd4 Re6 34.Qxb6 Rxd6 35.
Qb7 Qf3+ 36.Kg1 Rcd8 37.Qb2 Rd1 38.Rxd1 Rxd1 39.Qf2 Qxf2+ 40.Kxf2 Rd3 41.
Ke2 Rxa3 42.Nd2 Rc3 43.Nxe4 Rxc4 0-1

[Event "23rd Asia-ch (w)"]
[Site "Xingtai CHN"]
[Date "2019.06.13"]
[Round "7"]
[White "Kojima, Natsumi"]
[Black "Frayna, Janelle Mae"]
[Result "0-1"]
[WhiteElo "1711"]
[BlackElo "2157"]
[EventDate "2019.06.07"]
[PlyCount "74"]

1.e4 Nf6 2.e5 Nd5 3.d4 d6 4.c4 Nb6 5.exd6 cxd6 6.Nc3 g6 7.Nf3 Bg7 8.Be3 
O-O 9.Bd3 Nc6 10.b3 Bg4 11.Be2 d5 12.c5 Nc8 13.Rc1 e6 14.h3 Bxf3 15.Bxf3 
N8e7 16.O-O Nf5 17.Ne2 Nh4 18.Qd2 Nxf3+ 19.gxf3 b6 20.cxb6 Qxb6 21.Rc5 Ne7
22.Bh6 Bxh6 23.Qxh6 Nf5 24.Qd2 a5 25.Nc3 Qb4 26.Rd1 Rfc8 27.Na4 Qxd2 28.
Rxd2 Rcb8 29.Nc3 Rb4 30.Ne2 a4 31.bxa4 Rbxa4 32.Rcc2 Nh4 33.Nc3 Rxd4 34.
Rxd4 Nxf3+ 35.Kg2 Nxd4 36.Rd2 Nc6 37.a4 d4 0-1

[Event "23rd Asia-ch (w)"]
[Site "Xingtai CHN"]
[Date "2019.06.13"]
[Round "7"]
[White "Mordido, Kylen Joy"]
[Black "Hamid, Rani"]
[Result "1-0"]
[WhiteElo "2133"]
[BlackElo "1929"]
[EventDate "2019.06.07"]
[PlyCount "75"]

1.c4 c5 2.Nf3 Nc6 3.d4 cxd4 4.Nxd4 g6 5.e4 Bg7 6.Nc2 Nf6 7.Nc3 d6 8.Be2 
O-O 9.O-O b6 10.Be3 Bb7 11.f3 Rc8 12.Qd2 Re8 13.Rac1 h5 14.b3 Kh7 15.Nd5 
Qd7 16.Na3 Ne5 17.Bd4 Nxd5 18.exd5 Bh6 19.f4 f5 20.Qb2 Nf7 21.Nb5 Ba6 22.
Nc3 Bb7 23.g3 Bf8 24.Bf3 Nh6 25.Rce1 Rb8 26.Re6 Bc8 27.Qe2 Qd8 28.Bxh5 
gxh5 29.Ne4 Bg7 30.Ng5+ Kg8 31.Rg6 e5 32.dxe6 Rb7 33.Qxh5 Rxe6 34.Nxe6 
Bxe6 35.Qxh6 Qf8 36.Rxg7+ Rxg7 37.Bxg7 Qxg7 38.Qxe6+ 1-0

[Event "23rd Asia-ch (w)"]
[Site "Xingtai CHN"]
[Date "2019.06.14"]
[Round "8"]
[White "Karavade, Eesha"]
[Black "Mahalakshmi, Mugunda Kumar"]
[Result "1/2-1/2"]
[WhiteElo "2370"]
[BlackElo "2245"]
[EventDate "2019.06.07"]
[PlyCount "71"]

1.Nf3 Nf6 2.c4 e6 3.g3 d5 4.Bg2 dxc4 5.Qa4+ Bd7 6.Qxc4 c5 7.O-O Bc6 8.Nc3 
Be7 9.e4 O-O 10.Rd1 b5 11.Nxb5 Bxe4 12.d4 Nbd7 13.Nc3 Bb7 14.Bg5 Qc8 15.
Rac1 Rb8 16.Qe2 c4 17.d5 Nb6 18.d6 Bd8 19.b3 Nfd7 20.Bxd8 Rxd8 21.Nb5 Qc5 
22.bxc4 Bxf3 23.Qxf3 Nxc4 24.Qc6 Qxc6 25.Bxc6 Nde5 26.Nxa7 Rxd6 27.Rxd6 
Nxd6 28.Bg2 Kf8 29.Nc6 Nxc6 30.Rxc6 Rb1+ 31.Bf1 Ne4 32.Rc2 g5 33.f3 Nf6 
34.Kf2 Nd5 35.Rd2 h6 36.Bc4 1/2-1/2

[Event "23rd Asia-ch (w)"]
[Site "Xingtai CHN"]
[Date "2019.06.14"]
[Round "8"]
[White "Vo Thi Kim Phung"]
[Black "San Diego, Marie Antoinette"]
[Result "1-0"]
[WhiteElo "2337"]
[BlackElo "2080"]
[EventDate "2019.06.07"]
[PlyCount "63"]

1.d4 d5 2.c4 c6 3.Nc3 Nf6 4.Nf3 a6 5.c5 g6 6.h3 Bg7 7.Bf4 O-O 8.e3 Re8 9.
Be2 Nfd7 10.O-O e5 11.Bg3 f5 12.Na4 Qe7 13.Re1 a5 14.Qb3 h6 15.Rac1 g5 16.
dxe5 Na6 17.Qc2 Nxe5 18.Nb6 Nxf3+ 19.Bxf3 Be6 20.Nxa8 Rxa8 21.a3 Qf7 22.
Bd6 Rd8 23.Be2 Nc7 24.Bd3 Ne8 25.Bg3 d4 26.exd4 Bb3 27.Qxb3 Qxb3 28.Bc4+ 
Qxc4 29.Rxc4 f4 30.Bh2 Kf7 31.g3 fxg3 32.Bxg3 1-0

[Event "23rd Asia-ch (w)"]
[Site "Xingtai CHN"]
[Date "2019.06.14"]
[Round "8"]
[White "Frayna, Janelle Mae"]
[Black "Mohota, Nisha"]
[Result "1-0"]
[WhiteElo "2157"]
[BlackElo "2236"]
[EventDate "2019.06.07"]
[PlyCount "89"]

1.e4 e5 2.Nf3 Nc6 3.Bc4 Nf6 4.d3 Bc5 5.c3 d6 6.Bb3 a6 7.Nbd2 Ba7 8.h3 h6 
9.Nf1 O-O 10.g4 Nh7 11.Ng3 Be6 12.Nf5 d5 13.Qe2 dxe4 14.dxe4 Na5 15.Bc2 
Bc4 16.Qd2 Qe8 17.Nxg7 Kxg7 18.Qxh6+ Kg8 19.Ng5 Nxg5 20.Qxg5+ Kh7 21.Qh6+ 
Kg8 22.b3 Qe6 23.bxc4 Qxh6 24.Bxh6 Rfd8 25.Ke2 Nxc4 26.Rad1 Nd6 27.Bg5 Re8
28.f3 a5 29.Rd5 Kg7 30.Rxa5 b5 31.h4 c5 32.Ra6 Re6 33.Rd1 Ne8 34.Rxe6 fxe6
35.Rd7+ Kg8 36.a4 Bb6 37.axb5 Ra2 38.Kd1 c4 39.h5 Ra1+ 40.Kd2 Rh1 41.Bd1 
Rh2+ 42.Be2 Ba5 43.h6 Nc7 44.Bd8 Bxc3+ 45.Kxc3 1-0

[Event "23rd Asia-ch (w)"]
[Site "Xingtai CHN"]
[Date "2019.06.14"]
[Round "8"]
[White "Kiran, Manisha Mohanty"]
[Black "Gu Tianlu"]
[Result "0-1"]
[WhiteElo "2090"]
[BlackElo "2183"]
[EventDate "2019.06.07"]
[PlyCount "70"]

1.e4 e6 2.d4 d5 3.e5 c5 4.c3 Qb6 5.Nf3 Bd7 6.a3 Bb5 7.c4 Bxc4 8.Bxc4 dxc4 
9.d5 Qb3 10.Qxb3 cxb3 11.dxe6 fxe6 12.Nbd2 Nc6 13.Nxb3 O-O-O 14.O-O Rd3 
15.Nbd2 Nge7 16.Ne4 Ng6 17.Be3 b6 18.Nfg5 Ncxe5 19.Nxe6 Nc4 20.Bc1 Kd7 21.
N6g5 h6 22.Nf3 Be7 23.Nfd2 Nd6 24.f4 Rf8 25.g3 Nxe4 26.Nxe4 Rd4 27.Nf2 Bf6
28.Ng4 Rd3 29.Nxf6+ Rxf6 30.Kg2 Ne7 31.Rf3 Rfd6 32.Be3 Nf5 33.Kf2 Rb3 34.
Bc1 Rxf3+ 35.Kxf3 Nd4+ 0-1

[Event "23rd Asia-ch (w)"]
[Site "Xingtai CHN"]
[Date "2019.06.14"]
[Round "8"]
[White "Yan Tianqi"]
[Black "Pham Bich Ngoc"]
[Result "0-1"]
[WhiteElo "2036"]
[BlackElo "2167"]
[EventDate "2019.06.07"]
[PlyCount "68"]

1.e4 g6 2.d4 Bg7 3.Be3 d6 4.Nc3 e6 5.Bc4 Ne7 6.f3 O-O 7.Qd2 a6 8.Bh6 b5 9.
Bxg7 Kxg7 10.Bb3 c5 11.a4 c4 12.Ba2 Qb6 13.h4 h6 14.Nh3 Nbc6 15.Ne2 e5 16.
c3 Bxh3 17.Rxh3 f5 18.exf5 Nxf5 19.g4 Nfe7 20.Rd1 Rae8 21.axb5 axb5 22.h5 
g5 23.Bb1 exd4 24.cxd4 Qa5 25.d5 Nb4 26.Qc3+ Rf6 27.Kf1 Qa4 28.Qd4 Nexd5 
29.Re1 Ne3+ 30.Kf2 Nbc2 31.Qd2 Nxe1 32.Kxe1 Qa1 33.Qc1 Ng2+ 34.Kf2 Qa7+ 
0-1

[Event "23rd Asia-ch (w)"]
[Site "Xingtai CHN"]
[Date "2019.06.14"]
[Round "8"]
[White "Galas, Bernadette"]
[Black "Tan Li Ting"]
[Result "1/2-1/2"]
[WhiteElo "2073"]
[BlackElo "2066"]
[EventDate "2019.06.07"]
[PlyCount "43"]

1.e4 e5 2.Nf3 Nc6 3.d4 exd4 4.Nxd4 Nf6 5.Nc3 Bb4 6.Nxc6 bxc6 7.Bd3 d5 8.
exd5 cxd5 9.O-O O-O 10.Bg5 c6 11.Qf3 Bd6 12.Rfe1 Rb8 13.Rab1 h6 14.Bxf6 
Qxf6 15.Qxf6 gxf6 16.a3 a5 17.Red1 Bg4 18.Be2 Bf5 19.Bd3 Bg4 20.Be2 Be6 
21.h3 Rb7 22.Na4 1/2-1/2

[Event "23rd Asia-ch (w)"]
[Site "Xingtai CHN"]
[Date "2019.06.14"]
[Round "8"]
[White "Swathi, Ghate"]
[Black "Wang Doudou"]
[Result "1-0"]
[WhiteElo "2220"]
[BlackElo "2188"]
[EventDate "2019.06.07"]
[PlyCount "76"]

1.e4 c5 2.Nf3 Nc6 3.d4 cxd4 4.Nxd4 Nf6 5.Nc3 e5 6.Ndb5 d6 7.Bg5 a6 8.Na3 
b5 9.Nd5 Be7 10.Bxf6 Bxf6 11.c4 b4 12.Nc2 Rb8 13.b3 O-O 14.g3 Bg5 15.h4 
Bh6 16.Bh3 Be6 17.Kf1 Qd7 18.Kg2 Kh8 19.Qd3 a5 20.Rac1 Rbd8 21.Rce1 Ne7 
22.Nde3 Bxe3 23.Nxe3 Bxh3+ 24.Rxh3 f5 25.exf5 Nxf5 26.Nxf5 Rxf5 27.Rhh1 
Rdf8 28.Rhf1 Rf3 29.Qxf3 Rxf3 30.Kxf3 Qf5+ 31.Kg2 Qc2 32.Rd1 Qxa2 33.c5 d5
34.Rc1 Qe2 35.c6 Qe4+ 36.Kg1 Qf5 37.c7 Qc8 38.Rfe1 e4 1-0

[Event "23rd Asia-ch (w)"]
[Site "Xingtai CHN"]
[Date "2019.06.14"]
[Round "8"]
[White "Mordido, Kylen Joy"]
[Black "Mahdian, Anousha"]
[Result "1/2-1/2"]
[WhiteElo "2133"]
[BlackElo "2078"]
[EventDate "2019.06.07"]
[PlyCount "60"]

1.c4 c6 2.Nf3 d5 3.d4 Nf6 4.g3 dxc4 5.Bg2 g6 6.O-O Bg7 7.e3 Ne4 8.Qc2 Nd6 
9.Nbd2 b5 10.Ne5 Qb6 11.b3 f6 12.bxc4 fxe5 13.c5 Qc7 14.cxd6 exd6 15.dxe5 
Bxe5 16.Rb1 O-O 17.Nf3 Bf6 18.Nd4 Bxd4 19.exd4 Bf5 20.Bd5+ Rf7 21.Be4 Bxe4
22.Qxe4 Qe7 23.Qc2 Qf6 24.d5 Qf5 25.Qb3 Qxd5 26.Qxd5 cxd5 27.Rxb5 d4 28.
Rd5 Rf6 29.Bf4 Nc6 30.Kg2 g5 1/2-1/2

[Event "23rd Asia-ch (w)"]
[Site "Xingtai CHN"]
[Date "2019.06.14"]
[Round "8"]
[White "Hamid, Rani"]
[Black "Mendoza, Shania Mae"]
[Result "0-1"]
[WhiteElo "1929"]
[BlackElo "2171"]
[EventDate "2019.06.07"]
[PlyCount "76"]

1.e4 e5 2.Nf3 Nc6 3.Bb5 a6 4.Ba4 Nf6 5.O-O Be7 6.Re1 b5 7.Bb3 O-O 8.h3 Bb7
9.c3 d5 10.exd5 Nxd5 11.d3 Bf6 12.Qe2 Re8 13.a4 b4 14.a5 Qd6 15.Ng5 Bxg5 
16.Bxg5 h6 17.Bd2 Re7 18.Qg4 Nf6 19.Qc4 Rd8 20.Re3 Nh5 21.Rf3 Qg6 22.Qg4 
Qxg4 23.hxg4 Nf4 24.Bc4 g5 25.Re3 Kg7 26.g3 Ng6 27.Be1 bxc3 28.Bxc3 Red7 
29.Nd2 Nce7 30.Nb3 Rd6 31.Nc5 Bc8 32.f3 Rc6 33.Ne4 f5 34.gxf5 Nxf5 35.Re2 
Be6 36.Bxe6 Rxe6 37.Nf2 Rc6 38.Rd2 Nd6 0-1

[Event "23rd Asia-ch (w)"]
[Site "Xingtai CHN"]
[Date "2019.06.14"]
[Round "8"]
[White "Xia Ri Feng"]
[Black "Kojima, Natsumi"]
[Result "1-0"]
[WhiteElo "1991"]
[BlackElo "1711"]
[EventDate "2019.06.07"]
[PlyCount "88"]

1.e4 e5 2.Nf3 Nc6 3.Bb5 a6 4.Ba4 Nf6 5.O-O Be7 6.Re1 b5 7.Bb3 d6 8.c3 O-O 
9.h3 Nb8 10.d4 Nbd7 11.Nbd2 Bb7 12.Bc2 Re8 13.b4 c5 14.bxc5 exd4 15.cxd6 
Bxd6 16.cxd4 Bb4 17.Bb2 Nb6 18.a3 Ba5 19.Re3 Rc8 20.Rc1 Nc4 21.Nxc4 Rxc4 
22.Ne5 Rc8 23.Bb3 Rf8 24.d5 Bb6 25.Rg3 Bxf2+ 26.Kxf2 Nxe4+ 27.Kf3 Nxg3 28.
Kxg3 Qd6 29.Rxc8 Rxc8 30.Qg4 Re8 31.Qf4 f6 32.Nf3 Rd8 33.Qxd6 Rxd6 34.Nd4 
Bxd5 35.Nf5 Bxb3 36.Nxd6 Kf8 37.Bc3 Ke7 38.Ne4 Be6 39.Kf4 Bc8 40.g4 Ke6 
41.h4 Kd5 42.Bb4 Ke6 43.g5 f5 44.Nd6 Bd7 1-0

[Event "23rd Asia-ch (w)"]
[Site "Xingtai CHN"]
[Date "2019.06.15"]
[Round "9"]
[White "Pham Le Thao Nguyen"]
[Black "Kharisma Sukandar, Irine"]
[Result "1/2-1/2"]
[WhiteElo "2370"]
[BlackElo "2378"]
[EventDate "2019.06.07"]
[PlyCount "35"]

1.d4 Nf6 2.Nf3 e6 3.Bf4 b6 4.e3 Bb7 5.Nbd2 Nh5 6.Bg3 Be7 7.Bd3 c5 8.c3 d6 
9.Qe2 Nd7 10.Rd1 h6 11.Ne4 Nxg3 12.Nxg3 O-O 13.O-O cxd4 14.cxd4 d5 15.Rc1 
Bd6 16.Rc2 Rc8 17.Rfc1 Rxc2 18.Rxc2 1/2-1/2

[Event "23rd Asia-ch (w)"]
[Site "Xingtai CHN"]
[Date "2019.06.15"]
[Round "9"]
[White "Vaishali, Ramesh Babu"]
[Black "Li Xueyi"]
[Result "1-0"]
[WhiteElo "2338"]
[BlackElo "2305"]
[EventDate "2019.06.07"]
[PlyCount "51"]

1.e4 c6 2.d4 d5 3.e5 Bf5 4.h4 h5 5.c4 e6 6.Nc3 Ne7 7.Nge2 dxc4 8.Ng3 Bg6 
9.Bg5 Qb6 10.Bxc4 Qxb2 11.Nce4 Nf5 12.O-O Nxg3 13.Rb1 Qa3 14.fxg3 Bxe4 15.
Rxf7 Qxg3 16.Rf2 b5 17.Qe1 Bf5 18.Bxe6 Qxf2+ 19.Qxf2 Bxe6 20.d5 cxd5 21.
Qc2 Kf7 22.Rf1+ Kg8 23.Qg6 Bc5+ 24.Kh1 Bg4 25.Qf7+ Kh7 26.Rf6 1-0

[Event "23rd Asia-ch (w)"]
[Site "Xingtai CHN"]
[Date "2019.06.15"]
[Round "9"]
[White "Batkhuyag, Munguntuul"]
[Black "Kulkarni, Bhakti"]
[Result "1/2-1/2"]
[WhiteElo "2420"]
[BlackElo "2380"]
[EventDate "2019.06.07"]
[PlyCount "96"]

1.e4 c6 2.Nc3 d5 3.Nf3 Bg4 4.h3 Bxf3 5.Qxf3 e6 6.Be2 Nd7 7.d4 dxe4 8.Nxe4 
Ngf6 9.c3 Be7 10.O-O O-O 11.Rd1 Nxe4 12.Qxe4 Nf6 13.Qf3 Qd5 14.a4 a5 15.
Qe3 Rfd8 16.Bf3 Qb3 17.Bd2 Nd5 18.Qe2 Rd7 19.c4 Nb6 20.c5 Nd5 21.Rdb1 e5 
22.Ra3 Qc2 23.Be4 Nf4 24.Qe1 Qc4 25.Bxf4 Rxd4 26.Rc3 Qb4 27.Bxh7+ Kxh7 28.
Qxe5 Bf6 29.Qf5+ Kg8 30.Rf3 Rd5 31.Qc2 Rxc5 32.Qb3 Rd8 33.Bc7 Qe4 34.Rf1 
Rd2 35.Qxb7 Rxb2 36.Qa8+ Kh7 37.Bxa5 Qxa4 38.Qe8 Qc4 39.Qe1 Rc2 40.Qb4 
Qxb4 41.Bxb4 Rb5 42.Bd6 Rd5 43.Bf4 c5 44.Rb1 Rd7 45.Rb5 c4 46.Be5 Bxe5 47.
Rxe5 Rc1+ 48.Kh2 c3 1/2-1/2

[Event "23rd Asia-ch (w)"]
[Site "Xingtai CHN"]
[Date "2019.06.15"]
[Round "9"]
[White "Kurbonboeva, Sarvinoz"]
[Black "Zhai Mo"]
[Result "1-0"]
[WhiteElo "2259"]
[BlackElo "2358"]
[EventDate "2019.06.07"]
[PlyCount "67"]

1.c4 Nf6 2.Nf3 g6 3.g3 Bg7 4.Bg2 O-O 5.O-O d5 6.cxd5 Nxd5 7.Nc3 c5 8.Nxd5 
Qxd5 9.d3 Nc6 10.Be3 Qd6 11.Rc1 b6 12.d4 Ba6 13.dxc5 bxc5 14.Rxc5 Rac8 15.
Qa4 Bb7 16.Rd1 Qf6 17.b4 Rcd8 18.Rdc1 Qb2 19.Rxc6 Bxc6 20.Qxc6 Qxe2 21.Qc2
Qa6 22.Qc4 Qxc4 23.Rxc4 Rc8 24.Rxc8 Rxc8 25.Bxa7 Ra8 26.Bc5 Rxa2 27.Bxe7 
Ra3 28.Bc5 Rb3 29.Nd2 Rb2 30.Ne4 Be5 31.Bf1 Kg7 32.f4 f5 33.fxe5 fxe4 34.
e6 1-0

[Event "23rd Asia-ch (w)"]
[Site "Xingtai CHN"]
[Date "2019.06.15"]
[Round "9"]
[White "Zhang Xiao"]
[Black "Vo Thi Kim Phung"]
[Result "1/2-1/2"]
[WhiteElo "2234"]
[BlackElo "2337"]
[EventDate "2019.06.07"]
[PlyCount "30"]

1.d4 d5 2.c4 c6 3.Nf3 Nf6 4.e3 Bg4 5.Nc3 e6 6.h3 Bh5 7.g4 Bg6 8.Ne5 Nfd7 
9.Nxg6 hxg6 10.Qf3 Be7 11.Bd3 Nf6 12.g5 Nfd7 13.h4 Na6 14.cxd5 exd5 15.Bd2
Nb4 1/2-1/2

[Event "23rd Asia-ch (w)"]
[Site "Xingtai CHN"]
[Date "2019.06.15"]
[Round "9"]
[White "Hoang Thi Bao Tram"]
[Black "Li Yunshan"]
[Result "1-0"]
[WhiteElo "2293"]
[BlackElo "2264"]
[EventDate "2019.06.07"]
[PlyCount "73"]

1.d4 d5 2.Nf3 Nf6 3.Bf4 e6 4.e3 c5 5.c3 Nc6 6.Nbd2 Bd6 7.Bg3 O-O 8.Bd3 b6 
9.O-O Bb7 10.Qe2 Re8 11.Ne5 Qe7 12.Rad1 Nd7 13.Ndf3 f6 14.Nxc6 Bxc6 15.e4 
Bxg3 16.hxg3 Nf8 17.Rfe1 Rad8 18.exd5 Bxd5 19.Bb5 Nd7 20.dxc5 Qxc5 21.c4 
Bxf3 22.gxf3 Qc8 23.b4 a6 24.Ba4 Qb7 25.f4 e5 26.Rd2 Qc8 27.Qg4 b5 28.cxb5
Nb6 29.Qxc8 Rxc8 30.Bb3+ Nc4 31.bxa6 Kf8 32.Rd7 Re7 33.Rxe7 Kxe7 34.fxe5 
fxe5 35.Bxc4 Rxc4 36.a7 Rc8 37.b5 1-0

[Event "23rd Asia-ch (w)"]
[Site "Xingtai CHN"]
[Date "2019.06.15"]
[Round "9"]
[White "Pham Bich Ngoc"]
[Black "Ren Xiaoyi"]
[Result "1-0"]
[WhiteElo "2167"]
[BlackElo "2255"]
[EventDate "2019.06.07"]
[PlyCount "79"]

1.c4 c6 2.Nf3 d5 3.e3 Nf6 4.d4 Bf5 5.Nc3 e6 6.Be2 h6 7.O-O Bd6 8.Nd2 O-O 
9.f4 c5 10.Nb3 dxc4 11.Bxc4 cxd4 12.Nxd4 Bg4 13.Qb3 Nbd7 14.h3 Nc5 15.Qc2 
Bh5 16.f5 exf5 17.Nxf5 Kh8 18.e4 Be5 19.Be3 Rc8 20.g4 Bxg4 21.hxg4 Nxg4 
22.Qe2 Nxe3 23.Qxe3 Qb6 24.Rf2 Bxc3 25.bxc3 Na4 26.Qxb6 Nxb6 27.Bb3 Rxc3 
28.Nd6 Kh7 29.Nxf7 Re8 30.Re1 a5 31.e5 Re7 32.Nd6 Rg3+ 33.Kh2 Rg5 34.Bc2+ 
Kg8 35.Ref1 Nd7 36.e6 Nf6 37.Rg2 Ng4+ 38.Kg1 Ne3 39.Rxg5 hxg5 40.Nf5 1-0

[Event "23rd Asia-ch (w)"]
[Site "Xingtai CHN"]
[Date "2019.06.15"]
[Round "9"]
[White "Gu Tianlu"]
[Black "Karavade, Eesha"]
[Result "1/2-1/2"]
[WhiteElo "2183"]
[BlackElo "2370"]
[EventDate "2019.06.07"]
[PlyCount "54"]

1.e4 c5 2.Nf3 d6 3.d4 cxd4 4.Nxd4 Nf6 5.Nc3 a6 6.g3 e5 7.Nde2 Be7 8.Bg2 
O-O 9.O-O b5 10.Nd5 Nbd7 11.Nec3 Bb7 12.Be3 Nxd5 13.Nxd5 Nf6 14.Nxf6+ Bxf6
15.Qd3 Qc7 16.Rfd1 Be7 17.a4 Bc6 18.axb5 axb5 19.Bd2 Qb7 20.Bb4 Rfd8 21.
Rxa8 Qxa8 22.Re1 h6 23.h4 Bf8 24.Qa3 Qb7 25.Qb3 Qa8 26.Qa3 Qb7 27.Qb3 Qa8 
1/2-1/2

[Event "23rd Asia-ch (w)"]
[Site "Xingtai CHN"]
[Date "2019.06.15"]
[Round "9"]
[White "Mahalakshmi, Mugunda Kumar"]
[Black "Gomes, Mary Ann"]
[Result "1/2-1/2"]
[WhiteElo "2245"]
[BlackElo "2314"]
[EventDate "2019.06.07"]
[PlyCount "56"]

1.d4 Nf6 2.c4 e6 3.Nc3 Bb4 4.e3 b6 5.Bd3 Bb7 6.Nf3 Ne4 7.Qc2 f5 8.a3 Bxc3+
9.bxc3 O-O 10.O-O d6 11.Nd2 Nxd2 12.Bxd2 Nd7 13.e4 fxe4 14.Bxe4 Bxe4 15.
Qxe4 e5 16.Rae1 Nf6 17.Qh4 exd4 18.cxd4 Qd7 19.d5 Rae8 20.Bc3 Rxe1 21.Rxe1
Re8 22.f3 Rxe1+ 23.Qxe1 Kf8 24.Bxf6 gxf6 25.Qe4 Qa4 26.Qxh7 Qxc4 27.Qh8+ 
Kf7 28.Qh7+ Kf8 1/2-1/2

[Event "23rd Asia-ch (w)"]
[Site "Xingtai CHN"]
[Date "2019.06.15"]
[Round "9"]
[White "Frayna, Janelle Mae"]
[Black "Dauletova, Gulmira"]
[Result "1-0"]
[WhiteElo "2157"]
[BlackElo "2252"]
[EventDate "2019.06.07"]
[PlyCount "41"]

1.e4 c5 2.Nf3 e6 3.g3 Nf6 4.e5 Nd5 5.Bg2 Be7 6.O-O O-O 7.d4 d6 8.c4 Nb4 9.
a3 N4c6 10.exd6 Bxd6 11.dxc5 Bxc5 12.b4 Be7 13.Bb2 Bf6 14.Qxd8 Rxd8 15.
Bxf6 gxf6 16.Nc3 Kf8 17.Rfd1 Rxd1+ 18.Rxd1 Ke7 19.Nb5 Nd7 20.Nfd4 Nd8 21.
c5 1-0

[Event "23rd Asia-ch (w)"]
[Site "Xingtai CHN"]
[Date "2019.06.15"]
[Round "9"]
[White "San Diego, Marie Antoinette"]
[Black "Swathi, Ghate"]
[Result "1/2-1/2"]
[WhiteElo "2080"]
[BlackElo "2220"]
[EventDate "2019.06.07"]
[PlyCount "82"]

1.d4 Nf6 2.Nf3 e6 3.Bf4 d5 4.e3 c5 5.c3 Nc6 6.Nbd2 cxd4 7.exd4 Nh5 8.Bg3 
g6 9.Bd3 Bg7 10.O-O O-O 11.Re1 Nxg3 12.hxg3 Qd6 13.Qe2 Rb8 14.Nh2 e5 15.
dxe5 Nxe5 16.Bc2 b5 17.Rad1 b4 18.c4 Qc7 19.b3 Ba6 20.f4 Nd7 21.Nhf3 Bc3 
22.Qf2 Nf6 23.Ne5 dxc4 24.Ne4 Bxe5 25.fxe5 Nxe4 26.Rxe4 Rfe8 27.bxc4 Rxe5 
28.Rxe5 Qxe5 29.Bb3 Rc8 30.c5 Qxc5 31.Bxf7+ Kg7 32.Qxc5 Rxc5 33.Rd7 Rc1+ 
34.Kh2 Bc8 35.Rxa7 Kf6 36.Bb3 Re1 37.Rxh7 Re2 38.Rf7+ Kg5 39.Kg1 Bf5 40.
Kf1 Rb2 41.Kg1 Rd2 1/2-1/2

[Event "23rd Asia-ch (w)"]
[Site "Xingtai CHN"]
[Date "2019.06.15"]
[Round "9"]
[White "Mendoza, Shania Mae"]
[Black "Galas, Bernadette"]
[Result "1/2-1/2"]
[WhiteElo "2171"]
[BlackElo "2073"]
[EventDate "2019.06.07"]
[PlyCount "61"]

1.d4 Nf6 2.Nf3 d5 3.Bf4 c6 4.e3 Bf5 5.Bd3 Bxd3 6.Qxd3 e6 7.c3 Bd6 8.Bxd6 
Qxd6 9.O-O Nbd7 10.Nbd2 O-O 11.e4 dxe4 12.Nxe4 Nxe4 13.Qxe4 Qd5 14.Qxd5 
exd5 15.Rfe1 Rfe8 16.Rxe8+ Rxe8 17.Re1 Rxe1+ 18.Nxe1 Kf8 19.Kf1 Ke7 20.Ke2
Nf6 21.Nf3 Ne4 22.Nd2 Nxd2 23.Kxd2 Ke6 24.Ke3 f5 25.f4 g6 26.g3 h5 27.h4 
a5 28.a4 b5 29.b3 bxa4 30.bxa4 Kd6 31.Kd3 1/2-1/2

[Event "23rd Asia-ch (w)"]
[Site "Xingtai CHN"]
[Date "2019.06.15"]
[Round "9"]
[White "Tan Li Ting"]
[Black "Xia Ri Feng"]
[Result "1-0"]
[WhiteElo "2066"]
[BlackElo "1991"]
[EventDate "2019.06.07"]
[PlyCount "57"]

1.c4 Nf6 2.Nf3 e6 3.g3 b6 4.Bg2 Bb7 5.O-O Be7 6.b3 O-O 7.Bb2 c5 8.d3 d6 9.
Nc3 Nc6 10.d4 Na5 11.d5 e5 12.e4 Ne8 13.Ne1 f5 14.exf5 Rxf5 15.Nd3 Rf8 16.
f4 exf4 17.Nxf4 Nc7 18.Nb5 Nxb5 19.cxb5 Bc8 20.Ne6 Bxe6 21.dxe6 Rb8 22.Rf7
Rxf7 23.exf7+ Kf8 24.Qh5 Bf6 25.Bxf6 Qxf6 26.Re1 Qg6 27.Qe2 Kxf7 28.Bd5+ 
Kf6 29.Qe7+ 1-0